Missing Word: Amazon Prime Originals Quiz Stats

Quiz Updated Feb 1, 2018

Challenge
Share
Tweet
Embed
Score 0/20 Timer 03:00
1 Play Today
Title Missing Word % Correct
The Man in the ______ CastleHigh
67.5%
Mozart in the _______Jungle
54.7%
The ______ TycoonLast
47.5%
Sneaky _____Pete
46.5%
The _______ TourGrand
35.2%
________ of GodHand
31.9%
Sigmund and the _______ MonstersSea
28.5%
Good _______ RevoltGirls
25.8%
______ MississippiOne
21.6%
______ OaksRed
20.7%
Title Missing Word % Correct
Alpha _______House
20.5%
______ in OzLost
18.8%
Z: The Beginning of ______Everything
15.3%
Just ______ MagicAdd
12.3%
______ DogsMad
8.8%
Comrade ________Detective
8.8%
______ in Six ScenesCrisis
8.6%
Niko and the Sword of ________Light
6.9%
Danger & ______Eggs
6.5%
________ GalaxyCreative
6%

Today's Daily Dose

You're not logged in!

Compare scores with friends on all Sporcle quizzes.
Sign Up with Email
OR
Log In

You Might Also Like...

Show Comments

Extras

Top Quizzes Today


Score Distribution

Your Account Isn't Verified!

In order to create a playlist on Sporcle, you need to verify the email address you used during registration. Go to your Sporcle Settings to finish the process.

Report this User

Report this user for behavior that violates our Community Guidelines.

Details: